| 000 | 01823nam0a2200385 4500 | ||
|---|---|---|---|
| 001 | RU\NLR\bibl\856349 | ||
| 005 | 20250614153506.0 | ||
| 021 |
_aRU _b2005-28264 _91419 |
||
| 035 | _a(nilc)RSL-KNO-002603933 | ||
| 035 | _a(NLR Aleph) 000845065 | ||
| 090 |
_a1444569 _c1444569 |
||
| 100 | _a20050517d2005 |||y0rusy50 ca | ||
| 101 | 0 | _arus | |
| 102 | _aRU | ||
| 105 | _aa ||||||||| | ||
| 106 | _ar | ||
| 200 | 1 |
_aАнализ банковского сектора Уральского региона методами самоорганизующихся карт Кохонена _fИ.Э. Гимади, Р.Ю. Луговцов, С.В. Петухов |
|
| 205 | _aПрепр. | ||
| 210 |
_aЕкатеринбург _cИЭ УрО РАН _d2005 |
||
| 215 |
_a63 с. _cил. _d21 |
||
| 225 | 1 |
_aНаучные доклады _fРос. акад. наук, Урал. отд-ние, Ин-т экономики |
|
| 320 | _aБиблиогр.: с. 58-61 (44 назв.) | ||
| 606 | 1 |
_aБанки _xАнализ хозяйственной деятельности _yУрал _92398322 _3RU\NLR\auth\661429799 |
|
| 610 | 0 | _aЭкономика -- Российская Федерация -- Уральский регион -- Финансы -- Кредит -- Банки -- Экономико-математические методы и модели | |
| 686 |
_aУ9(2Р36)262.10в611 _2rubbk |
||
| 686 | _aУ26(2)210-24(2Р36)в612 | ||
| 700 | 1 |
_aГимади _bИ. Э. _gИлья Эдуардович _4070 |
|
| 701 | 1 |
_aЛуговцов _bР. Ю. _gРоман Юрьевич _4070 |
|
| 701 | 1 |
_aПетухов _bС. В. _gСергей Владимирович _4070 |
|
| 801 | 0 |
_aRU _bRuMoRKP _c20050517 _grcr |
|
| 801 | 1 |
_aRU _bRuMoRGB _c20050517 |
|
| 801 | 2 |
_aRU _bNLR _c20051019 _grcr |
|
| 942 | _cBOOK | ||
| 980 | _aNB | ||